Los niños terribles (Registro nro. 2772)

Detalles MARC
000 -CABECERA
Longitud fija campo de control 01406nam a2200397 i 4500
003 - • IDENTIFICADOR DELl NÚMERO DE CONTROL
Identificador del número de control CO-BoRNBP
005 - • FECHA Y HORA DE LA ÚLTIMA TRANSACCIÓN
Fecha y hora de la última transacción 20220316235952.0
007 - • CAMPO FIJO DE DESCRIPCIÓN FÍSICA
Campo fijo de descripción física ta
008 - • CÓDIGOS DE INFORMACIÓN DE LONGITUD FIJA
Códigos de información de longitud fija 211124r20092020sp er 000 fdspa d
020 ## - • NÚMERO INTERNACIONAL NORMALIZADO PARA LIBROS
Número Internacional Normalizado para Libros (ISBN) 9788437608907
040 ## - FUENTE DE LA CATALOGACIÓN
Centro catalogador de origen CO-BoRNBP
Lengua de catalogación spa
Normas de descripción rda
Centro transcriptor CO-BoRNBP
041 1# - • CÓDIGO DE LENGUA
Código de lengua del texto/banda sonora o título independiente spa
Código de lengua original fre
084 ## - • Clasificación Local Alfanúmerica PNLB
Número de clasificación N COC2
100 1# - • PUNTO DE ACCESO PRINCIPAL-NOMBRE DE PERSONA
Nombre de persona Cocteau, Jean,
Fechas asociadas al nombre 1889-1963
Término indicativo de función autor
245 14 - • TITULO PROPIAMENTE DICHO
Título Los niños terribles
Mención de responsabilidad, etc. Jean Cocteau ;introducción, edición y traducción de José Ignacio Velázquez
250 ## - • MENCIÓN DE EDICIÓN
Mención de edición Primera edición
250 ## - • MENCIÓN DE EDICIÓN
Mención de edición Undécima edición
250 ## - • MENCIÓN DE EDICIÓN
Mención de edición Duodécima edición
264 #1 - PRODUCCIÓN, PUBLICACIÓN , DISTRIBUCIÓN, FABRICACIÓN Y COPYRIGHT
Lugar de producción, publicación, distribución, fabricación Madrid, España
Nombre del productor, editor, distribuidor, fabricante Ediciones Cátedra
Fecha de de producción, publicación, distribución, fabricación o copyright 2009
-- 2019
-- 2020
300 ## - • DESCRIPCIÓN FÍSICA
Extensión 197 páginas
Dimensiones 20 cm
336 ## - TIPO DE CONTENIDO
Término de tipo de contenido texto
Código de tipo de contenido txt
Fuente rdacontent
337 ## - TIPO DE MEDIO
Nombre del tipo de medio sin mediación
Código del tipo de medio n
Fuente rdamedia
338 ## - TIPO DE SOPORTE
Nombre del tipo de soporte volumen
Código del tipo de soporte nc
Fuente rdacarrier
490 0# - • MENCIÓN DE SERIE
Mención de serie Letras Universales
Designación de volumen o secuencia 133
504 ## - • NOTA DE BIBLIOGRAFÍA, ETC
Nota de bibliografía, etc. Incluye referencias bibliográficas
521 ## - • NOTA DE PÚBLICO DESTINATARIO
Nota público destinatario (R ) Recomendado para un público adulto
534 ## - • Nota De Versión Original
Título Les enfants terribles
545 ## - DATOS BIOGRÁFICOS O HISTÓRICOS
Datos bigr´ficos o históricos Incluye datos biográficos del autor al inicio del texto
600 14 - • PUNTO DE ACCESO ADICIONAL DE MATERIA - NOMBRE DE PERSONA
Nombre de persona Cocteau, Jean,
Fechas asociadas al nombre 1889-1963
Subdivisión de materia general (R ) Crítica e interpretación
650 17 - • PUNTO DE ACCESO ADICIONAL DE MATERIA - TÉRMINO DE MATERIA
Término de materia o nombre geográfico como elemento inicial Novela francesa
Subdivisión cronológica Siglo XX
Fuente del encabezamiento o término LEMB
650 17 - • PUNTO DE ACCESO ADICIONAL DE MATERIA - TÉRMINO DE MATERIA
Término de materia o nombre geográfico como elemento inicial Literatura francesa
Subdivisión cronológica Siglo XX
Fuente del encabezamiento o término ARMARC
650 17 - • PUNTO DE ACCESO ADICIONAL DE MATERIA - TÉRMINO DE MATERIA
Término de materia o nombre geográfico como elemento inicial Niños
Subdivisión de forma Novela
Fuente del encabezamiento o término LEMB
650 17 - • PUNTO DE ACCESO ADICIONAL DE MATERIA - TÉRMINO DE MATERIA
Término de materia o nombre geográfico como elemento inicial Hombres jóvenes
Subdivisión de forma Novela
Fuente del encabezamiento o término LEMB
700 1# - • PUNTO DE ACCESO ADICIONAL - NOMBRE DE PERSONA
Nombre de persona Velázquez, José Ignacio,
Término indicativo de función prologuista
942 ## - ENTRADA DE ELEMENTOS AGREGADOS (KOHA)
Fuente de clasificaión o esquema
Koha [por defecto] tipo de item Libro Literatura
Existencias
Perdido Fuente de clasificación o esquema Estado Físico No para préstamo Forma de adquisición Localización permanente Localización actual Localización en estanterías Fecha adquisición Préstamos totales Signatura completa Código de barras Fecha última consulta Número de copia Fecha del precio de reemplazo Tipo de item de Koha Número de registro Serie de enumeración / cronolog&íacute;a Note pública
  Dewey Decimal Classification     Colección General Biblioteca Pública Fuentedeoro - Henry Llanos García Biblioteca Pública Fuentedeoro - Henry Llanos García Literatura 07/13/2023   N COC2 Fo00001292 07/13/2023 Ej.1 07/13/2023 Libro Literatura      
  Dewey Decimal Classification     Colección General Biblioteca Pública Lejanias Biblioteca Pública Lejanias General 02/05/2026   N COC2 LEJ02224 02/05/2026 Ej.1 02/05/2026 Libro Literatura      
  Dewey Decimal Classification     Colección General Biblioteca Pública San Carlos de Guaroa - Eduardo Carranza Biblioteca Pública San Carlos de Guaroa - Eduardo Carranza Literatura 04/11/2024   N COC2 SG01622 04/11/2024 Ej.1 04/11/2024 Libro Literatura      
  Dewey Decimal Classification     Colección General Biblioteca Pública Barranca de Upia - María Dolores Herrera Biblioteca Pública Barranca de Upia - María Dolores Herrera Literatura 09/11/2023   N COC2 BUP00103 09/11/2023 Ej.1 09/11/2023 Libro Literatura      
        Sala General Biblioteca Pública Departamental Eduardo Carranza - Villavicencio Biblioteca Pública Departamental Eduardo Carranza - Villavicencio General 08/18/2004   N COC2 ECA15868 11/26/2024 Ej.1 11/26/2024 LIbro   Vol.1 58 | 62
  Dewey Decimal Classification     Colección General Biblioteca Pública Guamal Biblioteca Pública Guamal Literatura 01/30/2023   NCOC2 GUA000284 01/30/2023 Ej.1 01/30/2023 Libro Literatura      
  Dewey Decimal Classification     Colección General Biblioteca Pública La Macarena Biblioteca Pública La Macarena Literatura 09/11/2023   N COC2 LM00383 09/11/2023 Ej.1 09/11/2023 Libro Literatura      
  Dewey Decimal Classification     Colección General Biblioteca Pública Mapiripan - Jorge Eliecer Gaitán Biblioteca Pública Mapiripan - Jorge Eliecer Gaitán Literatura 01/21/2025   N COC2 MPJG0063 01/21/2025 Ej.1 01/21/2025 Libro Literatura      
  Dewey Decimal Classification     Colección General Biblioteca Pública Medellin del Ariari - El Castillo Biblioteca Pública Medellin del Ariari - El Castillo Referencia 11/12/2024   COC2 Ej.1 BM00504 11/12/2024 Ej.1 11/12/2024 Libro Literatura      
  Dewey Decimal Classification       Biblioteca Pública Mesetas - Franco lodo Poloxi Biblioteca Pública Mesetas - Franco lodo Poloxi Literatura 10/15/2024   N COC2 ME000344 10/15/2024 Ej.1 10/15/2024 Libro Literatura 9788437608907    
  Clasificación Local Facetada     Colección General Biblioteca Pública San Juanito - Ernesto Maria Peña Romero Biblioteca Pública San Juanito - Ernesto Maria Peña Romero Literatura 08/30/2025   N COC2 SJU02151 08/30/2025 Ej.1 08/30/2025 Libro Literatura      









Instituto Departamental de Cultura del Meta - Red Departamental de Bibliotecas Públicas del Meta.